01370cam a22002778a 450000100090000000300040000900500170001300800410003001000170007102000180008802000150010604000130012104200080013405000150014208200150015711000420017224500570021426000360027130000250030750400200033250505640035265000350091665000610095165000270101265000530103913992700OSt20210707125009.0050606s2005 nyu b 001 0 eng  a 2005050735 a9780390453235 a0390453234 aDLCcDLC apcc00aHG4026.A8900a658.15222 bFinance Department, Auburn University10aPrinciples of business finance. /cAuburn University aNew York :bMcGraw-Hill,c2013. axxiv, 473 p.:bill.; aIncludes index. aContents: Guided tour -- Introduction to corporate finance -- Financial statements, taxes, and cash flow -- Working with financial statements-- Introduction to valuation -- Discounted cash flow valuation -- Inters rates and bond valuation -- Stock valuation -- Net present value and other investment criteria -- Making capital investment decisions -- Some lessons from capital market history -- Return, risk, and the security market line -- Cost of capital -- Appendices: Mathematical table s-- Key equations -- Answers t selected end-of-chapter problems  0aBusiness enterprisesxFinance. 0aBusiness enterprisesxFinancevProblems, exercises, etc. 0aCorporationsxFinance. 0aCorporationsxFinancevProblems, exercises, etc.